000 00306nam a22001217a 4500
008 140218t xxu||||| |||| 00| 0 eng d
020 _a978-81-309-1298-1
100 _aEdward Hueske
_9731
243 _aEssentials of Forensic Science
245 _aFirearms and Fingerprints
300 _a171
942 _2ddc
_cBK
999 _c16988
_d16988